书目信息 |
| 题名: |
文创产品设计
|
|
| 作者: | 马黎 , 陈哲 主编 | |
| 分册: | ||
| 出版信息: | 北京 清华大学出版社 2025.02 |
|
| 页数: | 170页 | |
| 开本: | 29cm | |
| 丛书名: | ||
| 单 册: | ||
| 中图分类: | G114 | |
| 科图分类: | ||
| 主题词: | 文化产品--产品设计 | |
| 电子资源: | ||
| ISBN: | 978-7-302-68156-4 | |
| 000 | 00909nam0 2200241 450 | |
| 001 | 013081453 | |
| 005 | 20251023093117.48 | |
| 010 | @a978-7-302-68156-4@dCNY79.00 | |
| 100 | @a20250220d2025 em y0chiy0120 ea | |
| 101 | 0 | @achi |
| 102 | @aCN@b110000 | |
| 105 | @aa z 000yy | |
| 106 | @ar | |
| 200 | 1 | @a文创产品设计@9wen chuang chan pin she ji@f马黎,陈哲主编 |
| 210 | @a北京@c清华大学出版社@d2025.02 | |
| 215 | @a170页@c彩图@d29cm | |
| 330 | @a本书深入探讨文化创意产品设计的理论与实践,系统分析文创产品创新设计的多个维度,如形态、功能、材料等,并结合IP消费体验的趋势,探讨文创产品在IP开发、设计运用和叙事体验等方面的策略,提出“全链路式”的设计流程,覆盖从创意到市场的各个阶段,并提供实操性的指导。 | |
| 606 | 0 | @a文化产品@x产品设计 |
| 690 | @aG114@v5 | |
| 701 | 0 | @a马黎@9ma li@4主编 |
| 701 | 0 | @a陈哲@9chen zhe@4主编 |
| 801 | 0 | @aCN@c20250911 |
| 905 | @a河南城建学院图书馆@dG114@eM094@ZM094@f1 | |
| 文创产品设计/马黎,陈哲主编.-北京:清华大学出版社,2025.02 |
| 170页:彩图;29cm |
| ISBN 978-7-302-68156-4:CNY79.00 |
| 本书深入探讨文化创意产品设计的理论与实践,系统分析文创产品创新设计的多个维度,如形态、功能、材料等,并结合IP消费体验的趋势,探讨文创产品在IP开发、设计运用和叙事体验等方面的策略,提出“全链路式”的设计流程,覆盖从创意到市场的各个阶段,并提供实操性的指导。 |
| ● |
| 相关链接 |
|
|
|
正题名:文创产品设计
索取号:G114/M094
 
预约/预借
| 序号 | 登录号 | 条形码 | 馆藏地/架位号 | 状态 | 备注 |
| 1 | 1635678 | 216356789 | 社科库409/409社科库 56排1列1层/ [索取号:G114/M094] | 在馆 |